000 01317nam a22002417a 4500
001 3416
003 FISKH
005 20240520144756.0
008 240304b cb ||||| |||| 00| 0 eng d
020 _a9781107615823
040 _aFISKH
_beng
_cFISKH
_dFISKH
050 _aQA107.2
082 _a421
100 _aMoseley, Cherri
245 _aCambridge primary Mathematics stage 2 learner's book /
_cCherri Moseley and Janet Rees
260 _aNew York :
_bCambridge,
_c2016.
300 _a77 pages :
_bcolor illustrations ;
_c28 cm
520 _aThis series is endorsed by Cambridge International Examinations and is part of Cambridge Maths. Children will enjoy learning mathematics with this fun and attractive learner's book for stage 2. A variety of questions, activities, investigations and games that are designed to reinforce the concepts learnt in the core activities in the teacher's guide and address misconceptions are included along with hints and tips. Clear, often pictorial, explanation of mathematical vocabulary will help children learn new terms whether they are native English speakers or second language speakers and great care has been made to ensure language is accessible.
650 _aMathematics Learner
700 _aRees, Janet
_eAuthor
942 _2ddc
_cBK
_n0
999 _c3416
_d3416